| 000 | 00508nam a22001817a 4500 | ||
|---|---|---|---|
| 999 |
_c9278 _d9278 |
||
| 003 | AR-CdUCM | ||
| 008 | 190327b ||||| |||| 00| 0 spa d | ||
| 040 |
_aMUNICIPALIDAD PROVINCIAL DEL CUSCO _cBIBLIOTECA MUNICIPAL DEL CUSCO |
||
| 082 |
_a868.6 / _bI59 |
||
| 100 |
_aInsúa, Alberto _925379 |
||
| 245 | _aEl capitán "malacentella" / | ||
| 260 |
_aBuenos Aires : _bEmecé, _c1943. |
||
| 300 |
_a144 páginas ; _c18 cm. |
||
| 505 | _aNovela. | ||
| 650 |
_aNovela. _95 |
||
| 942 |
_2ddc _cLIBROS |
||
| 945 | _awfj | ||